00250nam a22000857a 4500008004100000082002000041245005800061260003700119300000800156230621b xxu||||| |||| 00| 0 eng d a328.3bCPA 1985 aReport of the Commonwealth Parliamentary Association  aZimbabwebParliament of Zimbabwe a37p